1311 1979 1384 1362 1271 1891 1735 1990 1408 1270 1496 1263 1519 1289 1785 1768 1678 1453 1167 1823 1149 1449 1558 1377 1090 1917 1214 1931 1149 1021 1466 1028 1537 1207 1297 1142 1743 1332 1030 1267 1356 1709 1365 1303 1859 1448 1115 1469 1959 1356 1706 1704 1090 1751 1744 1243 1202 1672 1591 1082 1300 1775 1007 1068 1921 1222 1924 1076 1962 1136 1845 1806 1332 1615 1452 1373 1228 1169 1392 1201 1664 1940 1349 1602 1842 1015 1118 1734 1299 1374 1046 1505 1897 1509 1913 1602 1133 1163 1557 BCNSPRNW ULIB Ver.6.0+V

เปลี่ยนเป็นภาษาไทย

Change to English
 แสดงรายละเอียดบรรณานุกรม
  กลับหน้าหลัก

Brief Record : Get Marc (ISO 2709) : E-mail record : QR code < ปิดหน้าต่าง
LEADER : 00000nam 2200000uu 4500
001    13399126998
003     ULIB
008    190927s2562||||th 000 0 tha d
020    ^a9789740338420
060 04 ^aWA30^bพ264ค
100 0  ^aพรรณทิพา ศักดิ์ทอง
245 10 ^aคุณภาพชีวิตด้านสุขภาพ /^cพรรณทิพา ศักดิ์ทอง
250    ^aพิมพ์ครั้งที่ 2
260    ^aกรุงเทพฯ :^bสำนักพิมพ์แห่งจุฬาลงกรณ์มหาวิทยาลัย,^c2562
300    ^a[9], 163 หน้า :^bภาพประกอบ ;^c21 ซม.
504    ^aมีบรรณานุกรมและดัชนี
505 0  ^aบทนำ -- เครื่องมือประเมินคุณภาพชีวิตแบบทั่วไป -- อรรถประโยชน์ --เครื่องมือประเมินคุณภาพชีวิตแบบเฉพาะ --เครื่องมือประเมินคุณภาพชีวิตรายบุคคล -- หลักเกณฑ์ในการเลือกเครื่องมือ
650  4 ^aคุณภาพชีวิต^xการประเมิน
650  4 ^aคุณภาพชีวิต
650  4 ^aสุขภาพ
945    ^p140^l0^i006144
945    ^p140^l0^i006146
945    ^p140^l0^i006143
945    ^p140^l0^i006142
945    ^p140^l0^i006145
999    ^aประนอม เกษจรัล
รายการนี้ยังไม่มีแท็ก
คุณยังไม่ได้ล็อกอิน คุณสามารถมีกิจกรรมร่วมกับเว็บไซต์ได้ แต่ต้องล็อกอินก่อน ::
  ล็อกอิน

รายการสื่อสารสนเทศ

ลำดับที่ ประเภท เลขเรียก/บาร์โค้ด สถานที่ สถานะ
1. วิทยาศาสตร์การแพทย์ และสุขภาพ
หนังสือสำรอง
สถานะ=หนังสือสำรอง
WA30 พ264ค ฉ.1 
  Barcode: 006142
ห้องสมุดวิทยาเขตสวรรค์ประชารักษ์
►หนังสือทั่วไป
บนชั้น
2. วิทยาศาสตร์การแพทย์ และสุขภาพ
วิทยาศาสตร์การแพทย์ และสุขภาพ
WA30 พ264ค ฉ.2 
  Barcode: 006143
ห้องสมุดวิทยาเขตสวรรค์ประชารักษ์
►หนังสือทั่วไป
บนชั้น
3. วิทยาศาสตร์การแพทย์ และสุขภาพ
วิทยาศาสตร์การแพทย์ และสุขภาพ
WA30 พ264ค ฉ.3 
  Barcode: 006144
ห้องสมุดวิทยาเขตสวรรค์ประชารักษ์
►หนังสือทั่วไป
บนชั้น
4. วิทยาศาสตร์การแพทย์ และสุขภาพ
วิทยาศาสตร์การแพทย์ และสุขภาพ
WA30 พ264ค ฉ.4 
  Barcode: 006145
ห้องสมุดวิทยาเขตสวรรค์ประชารักษ์
►หนังสือทั่วไป
บนชั้น
5. วิทยาศาสตร์การแพทย์ และสุขภาพ
วิทยาศาสตร์การแพทย์ และสุขภาพ
WA30 พ264ค ฉ.5 
  Barcode: 006146
ห้องสมุดวิทยาเขตสวรรค์ประชารักษ์
►หนังสือทั่วไป
บนชั้น

รายการใกล้เคียง
    ผู้แต่ง [พรรณทิพา ศักดิ์ทอง]

    หัวเรื่อง [คุณภาพชีวิต]
    หัวเรื่อง [สุขภาพ]

BibComment


ยังไม่เคยถูกคอมเมนท์

คอมเมนท์ทรัพยากรรายการนี้
  คอมเมนท์: คุณภาพชีวิตด้านส..


 Copyright 2026. Bcnsprnw @Library